000 00584nam a2200181 i 4500
001 74731
003 ES-MaACL
005 20250627063634.0
007 t|
008 040920s1932 sp ||||1| spa d
100 1 _aGonzález Ruiz, Nicolás,
_d1897-1967
_958946
245 1 0 _aAzaña
_b: sus ideas religiosas, sus ideas políticas : el hombre /
_cNicolás González Ruiz.
260 _aMadrid :
_b[s.n.,
_c1932] (
_fGráfica Universal)
300 _a196 p. ;
_c12 cm.
600 1 4 _aAzaña, Manuel,
_d1880-1940
_924223
852 _aES-MaACL
_jF-13988
999 _c74731
_d74731